Soil Salinity and Alkalinity/by Anandkumar Naorem (Record no. 52612)

MARC details
000 -LEADER
fixed length control field 00501nam a22001577a 4500
003 - CONTROL NUMBER IDENTIFIER
control field OSt
008 - FIXED-LENGTH DATA ELEMENTS--GENERAL INFORMATION
fixed length control field 260703b |||||||| |||| 00| 0 eng d
020 ## - INTERNATIONAL STANDARD BOOK NUMBER
International Standard Book Number 9789358873016
082 ## - DEWEY DECIMAL CLASSIFICATION NUMBER
Classification number 631.416
Item number N19S
100 ## - MAIN ENTRY--PERSONAL NAME
Personal name Naorem, Anandkumar
245 ## - TITLE STATEMENT
Title Soil Salinity and Alkalinity/by Anandkumar Naorem
260 ## - PUBLICATION, DISTRIBUTION, ETC. (IMPRINT)
Place of publication, distribution, etc New Delhi :
Name of publisher, distributor, etc New India Publishing Agency,
Date of publication, distribution, etc 2025.
300 ## - PHYSICAL DESCRIPTION
Extent viii, 141 p.
650 ## - SUBJECT ADDED ENTRY--TOPICAL TERM
Topical term or geographic name as entry element Agriculture and related technologies | Soil science | Salinity and alkalinity
942 ## - ADDED ENTRY ELEMENTS (KOHA)
Source of classification or shelving scheme
Koha item type Books
Holdings
Withdrawn status Lost status Source of classification or shelving scheme Damaged status Not for loan Home library Current library Shelving location Date acquired Source of acquisition Cost, normal purchase price Total Checkouts Full call number Barcode Date last seen Bill Date Koha item type Bill Number
          Dr. Rajendra Prasad Central Agricultural University Pusa, Dr. Rajendra Prasad Central Agricultural University Pusa, General Stacks 03/07/2026 Faith Enterprises 695.00   631.416 N19S 88432 03/07/2026 22/01/2026 Books Invoice No. FE/11/2025-26
Hosted, Implemented, Customized & Maintained by: BestBookBuddies

Powered by Koha